<?xml version="1.0" encoding="UTF-8"?>
<record
    xmlns:xsi="http://www.w3.org/2001/XMLSchema-instance"
    xsi:schemaLocation="http://www.loc.gov/MARC21/slim http://www.loc.gov/standards/marcxml/schema/MARC21slim.xsd"
    xmlns="http://www.loc.gov/MARC21/slim">

  <leader>04043nam a2200505Ii 4500</leader>
  <controlfield tag="001">DIGLOM01008</controlfield>
  <controlfield tag="003">NyNyDIG</controlfield>
  <controlfield tag="006">m     o  d        </controlfield>
  <controlfield tag="007">cr |||||||||||</controlfield>
  <controlfield tag="008">121001s2011    cl      o     000 0 spa d</controlfield>
  <datafield tag="020" ind1=" " ind2=" ">
    <subfield code="z">9789560000248 (obra completa)</subfield>
  </datafield>
  <datafield tag="020" ind1=" " ind2=" ">
    <subfield code="z">9789560003003</subfield>
  </datafield>
  <datafield tag="040" ind1=" " ind2=" ">
    <subfield code="a">DGITA</subfield>
    <subfield code="b">eng</subfield>
    <subfield code="e">pn</subfield>
    <subfield code="c">DGITA</subfield>
  </datafield>
  <datafield tag="043" ind1=" " ind2=" ">
    <subfield code="a">s-cl---</subfield>
  </datafield>
  <datafield tag="050" ind1="1" ind2="4">
    <subfield code="a">AP63 ebook</subfield>
  </datafield>
  <datafield tag="240" ind1="1" ind2="0">
    <subfield code="a">Babel (Santiago, Chile) </subfield>
    <subfield code="k">Selections</subfield>
  </datafield>
  <datafield tag="245" ind1="0" ind2="0">
    <subfield code="a">Babel </subfield>
    <subfield code="b">:revista de arte y critica. </subfield>
    <subfield code="n">6 / </subfield>
    <subfield code="c">presentaci&#xF3;n, selecci&#xF3;n de textos y notas editoriales a cargo de Lorena Fuentes y Pierina Ferretti.</subfield>
  </datafield>
  <datafield tag="250" ind1=" " ind2=" ">
    <subfield code="a">1a ed.</subfield>
  </datafield>
  <datafield tag="264" ind1=" " ind2="1">
    <subfield code="a">Santiago de Chile, Chile :</subfield>
    <subfield code="b">LOM Ediciones,</subfield>
    <subfield code="c">2011. </subfield>
  </datafield>
  <datafield tag="300" ind1=" " ind2=" ">
    <subfield code="a">1 online resource (206 pages) </subfield>
    <subfield code="b">facsm.</subfield>
  </datafield>
  <datafield tag="336" ind1=" " ind2=" ">
    <subfield code="a">text</subfield>
    <subfield code="b">txt</subfield>
    <subfield code="2">rdacontent</subfield>
  </datafield>
  <datafield tag="337" ind1=" " ind2=" ">
    <subfield code="a">computer</subfield>
    <subfield code="b">c</subfield>
    <subfield code="2">rdamedia</subfield>
  </datafield>
  <datafield tag="338" ind1=" " ind2=" ">
    <subfield code="a">online resource</subfield>
    <subfield code="b">cr</subfield>
    <subfield code="2">rdacarrier</subfield>
  </datafield>
  <datafield tag="500" ind1=" " ind2=" ">
    <subfield code="a">On cover: Babel: revista de arte y critica; Escritos de Enrique Espinoza  III: Textos miscel&#xE1;neos. no 6.</subfield>
  </datafield>
  <datafield tag="505" ind1="0" ind2=" ">
    <subfield code="a">Nota preliminar / Los editores -- Enrique Espinoza y la revista Babel. Una mirada a su proyeco editorial y a su lugar en el campo cultural chileno / Pierina Ferretti y Lorena Fuentes -- El diario, la revista, el libro / Enrique Espinoza  [a&#xF1;o xxi, vol. 3, n&#xB0; 17 (mayo/junio de 1941)  pp. 37-43] -- "Mester de juder&#xED;a" / Enrique Espinoza  [A&#xF1;o vi, vol. vi, n&#xB0; 26, (1945) pp. 90-95] -- Ignazio Silone y el amor a la verdad / Enrique Espinoza   --Colof&#xF3;n / Enrique Espinoza [A&#xF1;o vi, vol. vi, n&#xB0; 27 (1945) pp. 132-142] -- Recuerdo de Eug&#xE8;ne Dabit / Enrique Espinoza [A&#xF1;o vii, vol. ix, n&#xB0; 35 (septiembre/octubre de 1946) pp. 104-106] --Reconocimiento argentino / Enrique Espinoza [A&#xF1;o vii, vol. ix, n&#xB0; 36 (noviembre/diciembre de 1946) pp. 163-166] -- Un gaucho dan&#xE9;s / Enrique Espinoza [A&#xF1;o viii, vol. x, n&#xB0; 38 (marzo/abril de 1947) pp. 78-80] -- Andr&#xE9; Gide, uno y diverso / Enrique Espinoza [A&#xF1;o ix, vol. xi, n&#xB0; 43 (enero/febrero de 1948) pp. 3-12] --Goethe y Heine / Enrique Espinoza  [A&#xF1;o xi, vol. xii, n&#xB0; 51 (tercer trimestre de 1949) pp. 171-177] -- Kafka en castellano / Enrique Espinoza [a&#xF1;o xi, vol. xiii, n&#xB0; 53 (primer trimestre de 1950) pp. 7-10] -- La torre de Babel / Enrique Espinoza [A&#xF1;o xii, vol. xiv, n&#xB0; 58  (segundo trimestre de 1951)  pp. 47] --Recensiones y comentarios/ Enrique Espinoza.</subfield>
  </datafield>
  <datafield tag="520" ind1=" " ind2=" ">
    <subfield code="a">A selection of articles published in: Babel : revista de arte y cr&#xED;tica. [2a &#xE9;poca] Santiago, Chile: a&#xF1;o i, vol. i,  no 1 (Mayo 1939)  - a&#xF1;o xii, vol. xiv, no 60 (cuarto trimestre, 1951); Publication suspended 1942-43. During 2nd &#xE9;poca subtitles varies: Babel : revista de revistas. vol. 1, 1939; Revista de arte y cr&#xED;tica, vol. 2 - vol. 14, 1951. The 1st &#xE9;poca was published in: Buenos Aires:  a&#xF1;o i, no.1 (primera quincena de abril, 1921) - a&#xF1;o ix, no 31 (1929).</subfield>
  </datafield>
  <datafield tag="545" ind1=" " ind2=" ">
    <subfield code="a">1st &#xE9;poca: Samuel Glusberg (1898-1987), founder &amp; director ; 2nd &#xE9;poca: Director: Enrique Espinoza (pseudonym of Samuel Glusberg); Selected contributors: Manuel Rojas (1896-1973), Luis Franco (1898-1988), Jos&#xE9; Santos Gonz&#xE1;lez Vera (1897-1970), Ernesto Montenegro (1885-1967), La&#xED;n D&#xED;ez y Mauricio Amster (1907-1974).</subfield>
  </datafield>
  <datafield tag="600" ind1="1" ind2="0">
    <subfield code="a">Samuel Glusberg,</subfield>
    <subfield code="d">1898-1987</subfield>
    <subfield code="t">Babel (Santiago, Chile)</subfield>
    <subfield code="k">Selections.</subfield>
  </datafield>
  <datafield tag="630" ind1="0" ind2="0">
    <subfield code="a">Babel (Santiago, Chile)</subfield>
  </datafield>
  <datafield tag="630" ind1="0" ind2="0">
    <subfield code="a">Babel (Buenos Aires, Argentina : 1921)</subfield>
  </datafield>
  <datafield tag="650" ind1=" " ind2="0">
    <subfield code="a">Literature</subfield>
    <subfield code="x">History and criticism</subfield>
    <subfield code="v">Periodicals.</subfield>
  </datafield>
  <datafield tag="650" ind1=" " ind2="0">
    <subfield code="a">Latin American literature</subfield>
    <subfield code="x">History and criticism</subfield>
    <subfield code="v">Periodicals.</subfield>
  </datafield>
  <datafield tag="650" ind1=" " ind2="0">
    <subfield code="a">Arts</subfield>
    <subfield code="z">Chile</subfield>
    <subfield code="v">Periodicals.</subfield>
  </datafield>
  <datafield tag="651" ind1=" " ind2="0">
    <subfield code="a">Chile</subfield>
    <subfield code="x">Civilization</subfield>
    <subfield code="v">Periodicals.</subfield>
  </datafield>
  <datafield tag="651" ind1=" " ind2="0">
    <subfield code="a">Chile</subfield>
    <subfield code="v">Periodicals.</subfield>
  </datafield>
  <datafield tag="655" ind1=" " ind2="0">
    <subfield code="a">Electronic books.</subfield>
  </datafield>
  <datafield tag="700" ind1="1" ind2=" ">
    <subfield code="a">Fuentes, Lorena.</subfield>
  </datafield>
  <datafield tag="700" ind1="1" ind2=" ">
    <subfield code="a">Ferrett, Pierina.</subfield>
  </datafield>
  <datafield tag="700" ind1="1" ind2="2">
    <subfield code="a">Samuel Glusberg,</subfield>
    <subfield code="d">1898-1987</subfield>
    <subfield code="t">Babel (Santiago, Chile)</subfield>
    <subfield code="k">Selections.</subfield>
  </datafield>
  <datafield tag="791" ind1="2" ind2=" ">
    <subfield code="a">Digitalia (Firm),</subfield>
    <subfield code="e">distributor.</subfield>
  </datafield>
  <datafield tag="793" ind1="0" ind2=" ">
    <subfield code="g">Digitalia eBook Collection:</subfield>
    <subfield code="a">LOM Ediciones</subfield>
  </datafield>
  <datafield tag="856" ind1="4" ind2="0">
    <subfield code="3">Digitalia Hisp&#xE1;nica</subfield>
    <subfield code="u">https://www.digitaliapublishing.com/a/18282/</subfield>
  </datafield>
  <datafield tag="910" ind1=" " ind2=" ">
    <subfield code="a">Premium Collection: 2007-2012</subfield>
  </datafield>
  <datafield tag="942" ind1=" " ind2=" ">
    <subfield code="c">RAA</subfield>
  </datafield>
  <datafield tag="952" ind1=" " ind2=" ">
    <subfield code="0">0</subfield>
    <subfield code="1">0</subfield>
    <subfield code="4">0</subfield>
    <subfield code="7">0</subfield>
    <subfield code="8">DEH</subfield>
    <subfield code="a">BD-UIN</subfield>
    <subfield code="b">BD-UIN</subfield>
    <subfield code="d">2025-04-25</subfield>
    <subfield code="l">0</subfield>
    <subfield code="r">2025-04-25</subfield>
    <subfield code="w">2025-04-25</subfield>
    <subfield code="y">RAA</subfield>
  </datafield>
  <datafield tag="999" ind1=" " ind2=" ">
    <subfield code="c">235748</subfield>
    <subfield code="d">235748</subfield>
  </datafield>
</record>
